000 00684nam a2200229 a 4500
001 13595
003 BD-JhCC
005 20240302132932.0
008 171108s2024 bg |||| |||| 000 0 ben d
020 _a9789849870432
035 _a(BD-JhCC)13595
040 _aBD-JhCC
_dBD-JhCC
041 _aBengali
082 _a891.4435
_bHOS 2024
100 _a আল হোসাইন, মাশুক
245 _aআম্মার অক্সিজেন /
_cমাশুক আল হোসাইন ।
260 _aঢাকা :
_bঅন্যপ্রকাশ;
_c2024.
300 _a80 p. :
_c22 cm.
650 _aBengali Short Stories.
942 _2ddc
_cBK
999 _c13595
_d13595